00633 2200193 4500001002100000005001500021035002000036245011400056100002900170250002100199300003700220856003000257700004900287260004500336082001000381084001600391020001800407600001400425INLIS00000000114713820260223115730 a0010-02260007581 aAneka Jus untuk Tumbuh Kembang Anak /cPenyusun: Widya Ernawati, Veronika Rica; Cover: Joey; Desain Isi: Josh0 aPenyusun: Widya Ernawati aCetakan II, 2023 a76 halaman ;c14 x 21 cmeKertas aLayanan Perpustakaan Umum0 aVeronika Rica; Cover: Joey; Desain Isi: Josh aYogyakarta :bCV Lebah Buku Group,c2023 a613.2 a613.2 WID a a9786235703046 4aAneka Jus